[Event "FRA-chT2 0910"]
[Site "France"]
[Date "2010.03.14"]
[Round "9.3"]
[White "Dinayet, Kazi Rashed Ullah"]
[Black "Dieu, Bruno"]
[Result "0-1"]
[WhiteElo "2071"]
[BlackElo "2282"]
[PlyCount "35"]
[EventDate "2009.09.27"]
[EventType "team-tourn"]
[EventRounds "11"]
[EventCountry "FRA"]
[SourceTitle "EXT 2011"]
[Source "ChessBase"]
[SourceDate "2010.11.26"]
[SourceVersion "1"]
[SourceVersionDate "2010.11.26"]
[SourceQuality "1"]

1. e4 e6 2. d4 d5 3. Nc3 Bb4 4. e5 c5 5. Bb5+ Bd7 6. Bxd7+ Nxd7 7. Nge2 Ne7 8. Bg5 h6 9. Be3 Nf5 10. 0-0 cxd4 11. Bxd4 0-0 12. a3 Nxd4 13. axb4 Nxe2+ 14. Qxe2 Qb6 15. b5 Qd4 16. Rfe1 f6 17. exf6 Rxf6 18. Ra4 0-1